The human body (Record no. 544717)

000 -LEADER
fixed length control field 00371nam a2200145Ia 4500
020 ## - INTERNATIONAL STANDARD BOOK NUMBER
International Standard Book Number 0791000192(hb)
082 ## - DEWEY DECIMAL CLASSIFICATION NUMBER
Classification number 611
Author Mark HUM
-- D.
245 ## - TITLE STATEMENT
Title The human body
260 ## - PUBLICATION, DISTRIBUTION, ETC.
Place of publication, distribution, etc. New York:
Name of publisher, distributor, etc. Chelsea House Publishers,
Date of publication, distribution, etc. 1990
300 ## - PHYSICAL DESCRIPTION
Extent 127 p :
Other physical details ill.
526 ## - STUDY PROGRAM INFORMATION NOTE
Program name 0
Interest level 0
Reading level 0
Title point value 611_000000000000000_HUM
650 ## - SUBJECT ADDED ENTRY--TOPICAL TERM
Topical term or geographic name entry element Body - Human
9 (RLIN) 40423
650 ## - SUBJECT ADDED ENTRY--TOPICAL TERM
Topical term or geographic name entry element MCE
9 (RLIN) 379
942 ## - ADDED ENTRY ELEMENTS (KOHA)
Source of classification or shelving scheme
Koha item type Book
Holdings
Withdrawn status Lost status Source of classification or shelving scheme Damaged status Not for loan Permanent Location Current Location Date acquired Total Checkouts Full call number Barcode Date last seen Date last checked out Price effective from Koha item type
          Military College of Engineering (MCE) Military College of Engineering (MCE) 05/09/2014 1 611 HUM MCE-43062 05/12/2014 05/12/2014 05/09/2014 Book
© 2023 Central Library, National University of Sciences and Technology. All Rights Reserved.